000 00470nam a22001577a 4500
005 20251108164711.0
008 250721s1987 xx 000 0 ara d
082 1 4 _a811.2/سكي
100 1 _aإبن السكيت، أبو يوسف يعقوب بن إسحق
245 1 0 _aديوان الحطيئة /
264 1 _aالقاهرة :
_bمكتبة الخانجي،
_c1987.
300 _a422 ص
650 1 7 _aالشعر المخضرم
942 _2ddc
_cBK
999 _c12197
_d12197